Mitología de Cuscatlán /
Uloženo v:
| Hlavní autor: | |
|---|---|
| Médium: | Neznámo |
| Jazyk: | Spanish |
| Vydáno: |
San Salvador, El Salvador :
Consejo Nacional para la Cultura y el Arte,
1996.
|
| Edice: | (Biblioteca Básica de Literatura Salvadoreña ;
7) |
| Témata: | |
| Tagy: |
Přidat tag
Žádné tagy, Buďte první, kdo vytvoří štítek k tomuto záznamu!
|
MARC
| LEADER | 000000000a22000000004500 | ||
|---|---|---|---|
| 001 | 009371 | ||
| 041 | 0 | |a spa | |
| 082 | 0 | 4 | |a 972.84 |b E77m |
| 100 | 1 | |a Espino, Miguel Ángel, |d 1902-1967 | |
| 245 | 1 | 0 | |a Mitología de Cuscatlán / |c Miguel Ángel Espino. |
| 260 | 1 | |a San Salvador, El Salvador : |b Consejo Nacional para la Cultura y el Arte, |c 1996. | |
| 300 | |a 7## |a 112 páginas | ||
| 490 | 1 | |a (Biblioteca Básica de Literatura Salvadoreña ; |v 7) | |
| 650 | 4 | |a INDIOS SALVADOREÑOS | |
| 650 | 4 | |a RELIGION Y MITOLOGIA | |
| 999 | |c 14432 |d 14432 | ||
| 942 | |c BK |h 972.84 E77m |2 z | ||
